MDQL
is popping MORE tags! Check the
thread
!
Quizzes
Events
Quiz Creation
Community
Videos
Private Events
Remove Ads
Sign In
Join for FREE
Feedback
Dark Mode
Quiz Categories
Sports
Geography
Music
Movies
Television
Just For Fun
Miscellaneous
History
Literature
Language
Science
Gaming
Entertainment
Religion
Holiday
For Kids
Quiz Lab
Recent
Popular Today
Quiz Kudos Today
Editor Picks
Curator Picks
Quizzes by...
Day
Popularity
Type
Ratings
Length
Year
Community
Subscriptions
Recent Discussions
Orange Saloon
Badges
Playlists
Quests
Create
Leaderboards
Showdown
Live 5
Trivia Bingo
Activity
Puzzle Library
Sporcle Events
Private Events
Virtual Trivia
Globe League
Become a Host
Pub Owners
SporcleCon
Opinionation
Our Games
Videos
Blog
Mobile Apps
Partnerships
Remove Ads and Go Orange
Feedback
Television
TV Characters
TV Show
Sitcom
Network
Friends
Reality Shows
Cast
South Park
Star Trek
The Simpsons
Doctor Who
Television
TV Characters
TV Show
Sitcom
Network
Friends
Reality Shows
Cast
South Park
Star Trek
The Simpsons
Doctor Who
Random Quiz
Search Sporcle
×
Quiz Lab
Quiz Lab
Television
Friends
Type in answers that appear in a list
Type in answers that appear in a list
Classic
Best Score? Go Orange.
Speed Challenge: Friends Stats
Which character in Friends did what? Monica (M), Chandler (C), Phoebe (P), Joey (J), Ross (O) or Rachel (A)?
By
kuriosatempel
60s
36 Questions
1,274 Plays
1,274 Plays
1,274 Plays
Comments
Comments
Give Quiz Kudos
Give Quiz Kudos
-
- Ratings
hide this ad
No Skip
Answers have to be entered in order without skipping
Answers have to be entered in order without skipping
Wrong Answers
Some wrong answers will appear in red
Some wrong answers will appear in red
Replay
Link that replays current quiz
Next Quiz
Link to next quiz in quiz playlist
You Got
0%
They Got
Avg Score
45%
Avg Friend Score
Upgrade to see
Score Distribution
Jump to the score distribution portion of the page
Score
0/36
Timer
01:00
0
Plays Today
Hint
Answer
% Correct
?
???
95.8%
?
???
86.7%
?
???
82.8%
?
???
82.5%
?
???
82%
?
???
81.2%
?
???
78.9%
?
???
75.8%
?
???
74.6%
?
???
72.7%
?
???
63.8%
?
???
62.1%
?
???
59.4%
?
???
59.1%
?
???
56.5%
?
???
53.8%
?
???
48.7%
?
???
46.4%
Hint
Answer
% Correct
?
???
41.2%
?
???
37.1%
?
???
33.6%
?
???
32.1%
?
???
30.7%
?
???
26.5%
?
???
25.1%
?
???
23.2%
?
???
20.6%
?
???
18.1%
?
???
16.8%
?
???
15.1%
?
???
13.1%
?
???
10.9%
?
???
7.9%
?
???
7.5%
?
???
5.4%
?
???
4.9%
Quiz Playlist
Details
Report
Send in Message
Add To Playlist
Classic:
Type in answers that appear in a list
No Skip:
Answers have to be entered in order without skipping
Wrong Answers:
Some wrong answers will appear in red
Last Updated: Feb 16, 2017
Quiz Scoreboard
CHALLENGE
Sign Up to Join the Scoreboard
Show All
Scores
Hide
Comments
May contain spoilers
Recently Published
Two Season TV Shows II
by 123Four
Television
10m
Image Sorting: Flags VI
by Barbecue
Geography
2m
Find the 'City' Movie
by crazypaving
Movies
60s
More to Explore
Quiz From the Vault
Featured Blog Post
14 Easter Pick-up Lines to Find Eggs With
hide this ad
You Might Also Like...
Tags
Blitz Quiz
Friends Quiz
Humor Quiz
TV Show Quiz
60 Second Blitz
Chandler Bing
Friends Characters
Joey Tribbiani
Ross Geller
Speed
Today's Top Quizzes in Television
Browse Television
hide this ad
Today's Top Quizzes in Friends
Browse Friends
Top Contributed Quizzes in Television
1
Survivor Journey Challenge
2
Brooklyn Nine Nine Logic Puzzle (How-To-Play)
3
Adjectives in 00s TV Shows
4
Total Drama Characters
5
Survivor Logic Puzzle: Heroes vs. Villains
6
Phoebe Buffay Quotes
7
Survivor Heroes vs. Villains Logic Puzzle
8
Survivor Trivia
9
Emmerdale Characters (from August 2012)
10
Adjectives in 10s TV Shows
Explore More
Trending Topics
Disney
Harry Potter
Kpop
Anime
Crossword
Marvel
NBA
The Office
Country
Soccer
Puzzle
Pokémon
WWE
Song
NFL
hide this ad
More By:
kuriosatempel
Quiz
Plays
Rating
Category
Featured
Created
'C' Rock Songs
2,642
3.42
Music
Apr 30, 2016
Speed Challenge: Friends
1,274
4.00
Television
Jul 15, 2016
'B' Rock Songs
942
4.42
Music
Apr 30, 2016
Fender models by picture
739
5.00
Music
Jun 5, 2016
'S' Rock Songs
519
4.50
Music
Jun 12, 2016
Go to Creator's Profile
Score Distribution
Quiz Creator Spotlight
kuriosatempel
Follow
Send a Message
Quizzes Created
-
Created Quiz Play Count
-
More By This Creator
Popular Quizzes Today
1
Colored Red Africa Blitz
2
Find the US States - No Outlines Minefield
3
Find the 'City' Movie
4
5x2 Blitz: Bands
5
The Countries of the World
6
Find the US States
7
Find the Countries of Europe - No Outlines Minefield
8
US States
More Television Quizzes
Brooklyn Nine-Nine Characters (Clues) - Brooklyn 99
Quiz Lab
Trending Quizzes
Colored Red Europe Blitz I
Colored Red Africa Blitz II
Colored Red Europe Blitz II
Colored Red Africa Blitz III
Colored Red Europe Blitz III
Recently Updated
How Do You Spell That?
pecheneg
Godzilla Movies
pecheneg
Grab Bag: 4-10 Letters
pecheneg
2024 March Madness Bracket
pecheneg
Famous TV Couples
Peacemaker
Champions League XIs: Real Madrid
pecheneg
Largest US Cities 1790-2010
pecheneg
Rides in Walt Disney World
pecheneg
Most Oscar Losses (Acting)
pecheneg
Beyoncé Albums
pecheneg
Trending Topics
Disney
Marvel
Anime
Crossword
NBA
Kpop
Harry Potter
Soccer
WWE
Pokémon
Puzzle
Country
NFL
The Office
Song
Your Account Isn't Verified!
In order to create a playlist on Sporcle, you need to verify the email address you used during registration. Go to your
Sporcle Settings
to finish the process.
Report this User
Report this user for behavior that violates our
Community Guidelines
.
Details:
Send Report
Go to the Sporcle.com Mobile Site →
Comments